All Royal Rumble, Elimination Chamber & Wrestlemania Match Winners - Statistics

General Stats
  • This quiz has been taken 100 times
  • The average score is 12 of 21
Answer Stats
Matches Wrestler % Correct
Undisputed WWE Universal Championship Match Roman Reigns
81%
Undisputed WWE Universal Championship Match Roman Reigns
81%
Undisputed WWE Universal Championship Match Roman Reigns
81%
30-Man Royal Rumble Match Cody Rhodes
74%
30-Woman Royal Rumble Match Rhea Ripley
72%
Smackdown Women's Championship Match Rhea Ripley
72%
Six Women Elimination Chamber Match Asuka
71%
Pitch Black Match Bray Wyatt
71%
Raw Women's Championship Match Bianca Belair
68%
Raw Women's Championship Match Bianca Belair
68%
Hell In A Cell Match Edge
68%
United States Elimination Chamber Match Austin Theory
59%
United States Singles Match Austin Theory
59%
Intercontinental Championship Match Gunther
54%
Singles Match Seth Rollins
40%
Undisputed Tag Team Match Kevin Owens & Sami Zayn
31%
Singles Match Brock Lesnar
28%
8-Man Tag Team Match Angelo Dawkins & Montez Ford
22%
Singles Match Bobby Lashley
19%
8-Women Tag Team Match Ronda Rousey & Shayna Baszler
19%
Mixed Tag Team Match Edge & Beth Phoenix
17%
No matching quizzes found
Score Distribution
Percent of People with Each Score
Percentile by Number Answered
Your Score History
You have not taken this quiz